书目信息 |
| 题名: |
生物电子显微技术
|
|
| 作者: | 康莲娣 编著 | |
| 分册: | ||
| 出版信息: | 合肥 中国科学技术大学出版社 2003.03 |
|
| 页数: | 212页 | |
| 开本: | 26cm | |
| 丛书名: | ||
| 单 册: | ||
| 中图分类: | Q-336 | |
| 科图分类: | ||
| 主题词: | 生物学--sheng wu xue--电子显微术 | |
| 电子资源: | ||
| ISBN: | 7-312-01536-0 | |
| 000 | 00818nam0 2200229 450 | |
| 001 | 010231677937 | |
| 005 | 20051123153653.39 | |
| 010 | @a7-312-01536-0@dCNY18.00 | |
| 100 | @a20050616d2003 km y0chiy0120 ea | |
| 101 | 0 | @achi |
| 102 | @aCN@b340000 | |
| 105 | @aa a 000yy | |
| 200 | 1 | @a生物电子显微技术@Asheng wu dian zi xian wei ji shu@f康莲娣编著@Fkang lian di bian zhu |
| 210 | @a合肥@c中国科学技术大学出版社@d2003.03 | |
| 215 | @a212页@c图@d26cm | |
| 320 | @a有书目 (第210-212页)。 | |
| 330 | @a本书内容包括透射电子显微镜和扫描电子显微镜的原理和结构,透射和扫描电子显微镜生物样品的各种制备技术和方法,生物电子显微技术的最新进展等。 | |
| 606 | 0 | @a生物学@Asheng wu xue@x电子显微术 |
| 690 | @aQ-336@v4 | |
| 701 | 0 | @a康莲娣@Akang lian di@4编著 |
| 801 | 0 | @aCN@bQSSK@c20051123 |
| 905 | @a10447@dQ-336@eK250 | |
| 生物电子显微技术/康莲娣编著.-合肥:中国科学技术大学出版社,2003.03 |
| 212页:图;26cm |
| ISBN 7-312-01536-0:CNY18.00 |
| 本书内容包括透射电子显微镜和扫描电子显微镜的原理和结构,透射和扫描电子显微镜生物样品的各种制备技术和方法,生物电子显微技术的最新进展等。 |
| ● |
| 相关链接 |
|
|
|
正题名:生物电子显微技术
索取号:Q-336/K250
 
预约/预借
| 序号 | 登录号 | 条形码 | 馆藏地/架位号 | 状态 | 备注 |
| 1 | 578517 | 205785177 | 自科库401/401自科库 24排1列3层/ [索取号:Q-336/K250] | 在馆 | |
| 2 | 578518 | 205785186 | 自科库401/ [索取号:Q-336/K250] | 在馆 |